01045nab a22002177a 4500999001500000003000400015005001700019008004100036040000700077100002900084245013300113260007300246300001300319500004400332505013800376505008900514650002800603700003700631773014600668942001300814 c5467d5467OSt20251113131702.0190604e xxu||||| |||| 00| 0 spa d cPJ 96470aTripolone, Gerardo10aEl péndulo volvió a moverse : bnueva reglamentación de la Ley de Defensa Nacional /cGerardo Tripolone, Germán Soprano. aCiudad Autónoma de Buenos Aires :bThomson Reuters La Ley, c2025. ap. 42-50 aCita Online: TR LALEY AR/DOC/594/2025.  tSumario: I. Introducción.— II. Antes de Milei.— III. Después de Milei.— IV. Reflexiones finales: del papel a la realidad.  t¿Te interesa el texto completo? Solicitalo al correo: koha@justierradelfuego.gov.ar 09209aDERECHO EN GENERAL 96471aSoprano, Germánecoautor0 0271493171dCiudad Autónoma de Buenos Aires : Thomson Reuters La Ley, 2014-tRevista anales de legislación argentina. Nº 7 - Julio 2025. 2udccANA